Statistics for U.S. Geography True or False #3

Click here to take the quiz!

General Stats

  • This quiz has been taken 26,331 times
  • The average score is 11 of 15

Answer Stats

QuestionAnswer% Correct
Oregon borders CanadaFalse
92%
Oklahoma is west of the Mississippi RiverTrue
90%
There is a real city named KalamazooTrue
89%
South Carolina touches the Gulf of MexicoFalse
87%
Chicago is in the Central Time ZoneTrue
87%
Parts of Minnesota and Maine are north of the Arctic CircleFalse
84%
Madison is the only state capital named for a PresidentFalse
83%
Cleveland is further north than CincinnatiTrue
79%
Philadelphia is the capital of PennsylvaniaFalse
77%
The University of Notre Dame is located in North Bend, IowaFalse
76%
There is a state with a Z in its nameTrue
72%
On a clear day, you can see Havana from Miami BeachFalse
57%
San José is the capital of Puerto RicoFalse
57%
All eight Ivy League universities are north and east of Washington D.C.True
57%
The Great Lakes have existed for millions of yearsFalse
34%

Score Distribution

Percentile by Number Answered

Percent of People with Each Score

Your Score History

You have not taken this quiz